| 000 | 00948cam a22003017a 4500 | ||
|---|---|---|---|
| 003 | CHAP | ||
| 005 | 20220329141422.0 | ||
| 008 | 971013s r 00010 d | ||
| 010 | _a67837 | ||
| 011 | _a68809 | ||
| 035 | _a78283 | ||
| 040 | _cCHAP | ||
| 090 | _aR-2665 | ||
| 100 | 0 | 0 |
_aGough, M. C. _950101 |
| 245 | 0 | _aSelected bibliography on the movement of water and heat in cereals | |
| 500 | _aSobretiro de : Tropical Stored Products Inf. 31 : 17-20, 1976. | ||
| 590 |
_aBATCH-UPD _b10 _c20130110 _lUCH01 _h0426 |
||
| 590 |
_aBATCH-UPD _b10 _c20130410 _lUCH01 _h0101 |
||
| 590 |
_aBATCH-UPD _b10 _c20130914 _lUCH01 _h0914 |
||
| 590 |
_aCONVERSION _b10 _c20130109 _lUCH01 _h1337 |
||
| 650 | 1 | 4 |
_aCereales _xBibliografía. _921394 |
| 650 | 1 | 4 |
_aPlantas _xContenido de agua. _988802 |
| 700 | 0 |
_aGough, M. C. _950101 |
|
| 700 | 0 |
_aWright, Susan P. D. _9122817 |
|
| 901 | _aBK | ||
| 942 | _cREIMP | ||
| 949 |
_aR-2665 _bBC _cR _d-31157 _eTS1 _i78283 _si |
||
| 999 |
_c67837 _d67837 |
||